AC Milan Kader 2023/24 - Statistiken

Allgemein
  • Dieses Quiz wurde 124 mal gespielt
  • Das Durchschnittsergebnis liegt bei 13 aus 28
Antwortstatistiken
Hint Antwort % Korrekt
16 Mike Maignan
96%
10 Rafael Leão
93%
9 Olivier Giroud
91%
19 Theo Hernández
76%
23 Fikayo Tomori
72%
2 Davide Calabria
69%
11 Christian Pulisic
65%
28 Malick Thiaw
65%
4 Ismaël Bennacer
57%
20 Pierre Kalulu
54%
24 Simon Kjaer
53%
8 Ruben Loftus-Cheek
47%
14 Tijjani Reijnders
47%
42 Alessandro Florenzi
46%
17 Noah Okafor
42%
15 Luka Jović
40%
7 Yacine Adli
39%
21 Samuel Chukwueze
38%
80 Yunus Musah
38%
33 Rade Krunic
37%
57 Marco Sportiello
32%
32 Tommaso Pobega
28%
83 Antonio Mirante
24%
70 Chaka Traorè
13%
30 Mattia Caldara
13%
69 Lapo Nava
12%
31 Marco Pellegrino
9%
18 Luka Romero
5%
Keine übereinstimmenden Quizze gefunden
Verteilung der Resultate
Anzahl Personen mit jedem Resultat
Perzentil nach korrekt beantworteten Fragen
Ihre Resultats-Entwicklung
Sie haben dieses Quiz noch nicht gespielt